| 000 | 00455nam a2200157 4500 | ||
|---|---|---|---|
| 001 | 136087 | ||
| 003 | ES-MaACL | ||
| 005 | 20230906195031.0 | ||
| 007 | t| | ||
| 008 | 070214s1971 sp r ||||1| spa d | ||
| 100 | 1 |
_aRuiz Olarte, Alberto G. _9100888 |
|
| 245 | 1 | 0 |
_aPoesía instintiva / _cAlberto G. Ruiz Olarte. |
| 260 |
_aValladolid : _b[s. n.], _c1971 ( _fGráf. Ceres) |
||
| 300 |
_a77 p., 4 lám. ; _c24 cm. |
||
| 852 |
_aES-MaACL _jC-44485 _bR.77758 |
||
| 999 |
_c136087 _d136087 |
||